METROLOGIE - Statistiques

Statistiques générales
  • Ce quiz a été pris 22 fois
    20 depuis la dernière actualisation
  • Le résultat moyen est 5 sur 33
Statistiques - réponses
Hint Réponse answer % Correct
vitesse m.s-1
100%
fréquence s-1 herz
100%
viscosité kg.m-1.s-1 poiseuille PI
50%
pression kg.m-1.s-2 pascal
50%
force m.kg.s-2 newton
50%
accélération m.s-2
50%
vitesse angulaire s-1 rad/s
50%
gravitationnelle 6,7 x 10^-11 kg-1.m3.s-2 G
0%
permittivité kg-1.m-3.s4.A2 Ɛ
0%
masse linéique kg.m-1
0%
dimension de la charge = celle pression kg.m-1.s-2 e
0%
moment cinétique / action kg.m2.s-1 L (vecteur)
0%
résistance kg.m2.s-3.A-2 Ω
0%
masse volumique kg.m-3 rho
0%
résistance mécanique kg.m-4.s-1 R
0%
quantité de mouvement kg.m.s-1 p (vecteur)
0%
tension superficielle kg.s-2
0%
champs MAGNETIQUE kg.s-2.A-1 tesla
0%
luminosité m-2.cd lux
0%
planck 6,62x10^-34 m2.kg.s-1 h
0%
énergie/ travail / chaleur / enthalpie m2.kg.s-2 joule
0%
entropie/Cv/Cp m2.kg.s-2.K-1 J/K
0%
boltzmann 1,38 x 10^-23 m2.kg.s-2.K-1 k
0%
gaz parfaits 8,314 m2.kg.s-2.mol-1.K-1 R
0%
puissance m2.kg.s-3 watt
0%
tension électrique (potentiel) m2.kg.s-3.A-1 Volt
0%
coefficient de diffusion m2.s-1 DI
0%
diffusivité thermique m2.s-1 K ou a
0%
dose absorbée m2.s-2 gray Gy
0%
volume massique m3.kg-1
0%
champs ELECTRIQUE m.kg.s-3.A-1 volt/mètre
0%
activité (radioactivité) s^1 becquerel
0%
charge électrique s.A coulomb
0%
Aucun quiz correspondant
Distribution des résultats
% des personnes avec chaque résultat
Percentile par nombre de réponses
Votre historique - résultats
Vous n’avez pas pris ce quiz depuis la dernière actualisation